[Event "Barcelona Sant Marti op 6th"]
[Site "Barcelona"]
[Date "2017.02.23"]
[Round "7"]
[White "Saez Lopez, Carlos"]
[Black "Salazar Navas, Josep"]
[Result "1/2-1/2"]
[WhiteElo "1657"]
[BlackElo "1730"]
[PlyCount "87"]
[EventDate "2017.01.12"]
[EventType "swiss"]
[EventRounds "9"]
[EventCountry "ESP"]
[SourceTitle "EXT 2018"]
[Source "ChessBase"]
[SourceDate "2017.10.13"]
[SourceVersion "1"]
[SourceVersionDate "2017.10.13"]
[SourceQuality "1"]

1. d4 Nf6 2. e3 e6 3. Bd3 b6 4. Nf3 c5 5. c3 Bb7 6. Nbd2 Nc6 7. 0-0 Qc7 8. Qe2 Be7 9. a3 d5 10. dxc5 bxc5 11. e4 0-0 12. b4 Ne5 13. Nxe5 dxe4 14. Nxe4 Nxe4 15. Bxe4 Qxe5 16. Bd3 Qxe2 17. Bxe2 cxb4 18. cxb4 Bf6 19. Ra2 Rac8 20. Bf3 Bxf3 21. gxf3 Rc3 22. Be3 a6 23. Rc1 Rfc8 24. Rxc3 Rxc3 25. a4 Rb3 26. b5 axb5 27. axb5 Kf8 28. b6 Bd8 29. Ra8 Ke7 30. Ra7+ Kd6 31. Rxf7 Bxb6 32. Bxb6 Rxb6 33. Rxg7 h5 34. Rg5 h4 35. Rg4 h3 36. Kh1 Rb1+ 37. Rg1 Rxg1+ 38. Kxg1 Ke5 39. Kf1 Kf4 40. Ke2 e5 41. Kf1 Kxf3 42. Kg1 Ke2 43. Kh1 Kf1 44. f4 1/2-1/2

[Event "Barcelona Sant Marti op 6th"]
[Site "Barcelona"]
[Date "2017.02.09"]
[Round "5"]
[White "Albert Estebanez, Carles"]
[Black "Saez Lopez, Carlos"]
[Result "1-0"]
[WhiteElo "1751"]
[BlackElo "1657"]
[PlyCount "57"]
[EventDate "2017.01.12"]
[EventType "swiss"]
[EventRounds "9"]
[EventCountry "ESP"]
[SourceTitle "EXT 2018"]
[Source "ChessBase"]
[SourceDate "2017.10.13"]
[SourceVersion "1"]
[SourceVersionDate "2017.10.13"]
[SourceQuality "1"]

1. e4 e6 2. d4 d5 3. e5 c5 4. c3 Qb6 5. Nf3 Nc6 6. Bd3 cxd4 7. cxd4 Bd7 8. Nbd2 Nxd4 9. 0-0 Bc5 10. b4 Be7 11. a3 Bb5 12. Bxb5+ Nxb5 13. Nb3 f6 14. Be3 Qd8 15. Nc5 Bxc5 16. Bxc5 b6 17. Bd4 f5 18. Rc1 Rc8 19. Qa4 a6 20. Qxa6 Nc7 21. Qxb6 Ne7 22. Rc2 Na8 23. Qb5+ Kf7 24. Rfc1 Rxc2 25. Rxc2 h6 26. Bc5 Qc8 27. Nd4 Nc7 28. Qb6 Na6 29. Bxe7 1-0

[Event "Barcelona Sant Marti op-B 4th"]
[Site "Barcelona"]
[Date "2015.03.05"]
[Round "8"]
[White "Permanyer Ugartemendia, Inaki"]
[Black "Saez Lopez, Carlos"]
[Result "1-0"]
[WhiteElo "1878"]
[BlackElo "1886"]
[PlyCount "93"]
[EventDate "2015.01.15"]
[EventType "swiss"]
[EventRounds "9"]
[EventCountry "ESP"]
[SourceTitle "EXT 2016"]
[Source "ChessBase"]
[SourceDate "2015.10.08"]
[SourceVersion "1"]
[SourceVersionDate "2015.10.08"]
[SourceQuality "1"]

1. d4 e6 2. c4 Nf6 3. Nc3 d5 4. Nf3 Nbd7 5. Bg5 Be7 6. e3 0-0 7. Qc2 h6 8. Bh4 dxc4 9. Bxc4 b6 10. 0-0 Bb7 11. a3 Rc8 12. Rac1 Nd5 13. Bg3 Nxc3 14. bxc3 Bd6 15. Ba2 Qe7 16. Bb1 f5 17. a4 Be4 18. Qa2 Bxf3 19. gxf3 Bxg3 20. hxg3 Kh8 21. Kg2 c5 22. Bd3 cxd4 23. cxd4 e5 24. d5 Rxc1 25. Rxc1 Nc5 26. Bb5 Qf6 27. a5 f4 28. gxf4 exf4 29. e4 Qh4 30. axb6 axb6 31. Rh1 Qg5+ 32. Kf1 Rf6 33. Rg1 Qh5 34. Qa7 Rf7 35. Qb8+ Kh7 36. Be8 Nxe4 37. Bxf7 Nd2+ 38. Ke2 Qxf3+ 39. Ke1 Qe4+ 40. Kxd2 Qd4+ 41. Ke2 Qc4+ 42. Kf3 Qd3+ 43. Kxf4 g5+ 44. Ke5 Qc3+ 45. Ke6 Qh3+ 46. Ke7 Qa3+ 47. d6 1-0

[Event "Barcelona Sant Marti op-B 4th"]
[Site "Barcelona"]
[Date "2015.02.26"]
[Round "7"]
[White "Saez Lopez, Carlos"]
[Black "Cervera Lopez, Miguel"]
[Result "1/2-1/2"]
[WhiteElo "1886"]
[BlackElo "1794"]
[PlyCount "63"]
[EventDate "2015.01.15"]
[EventType "swiss"]
[EventRounds "9"]
[EventCountry "ESP"]
[SourceTitle "EXT 2016"]
[Source "ChessBase"]
[SourceDate "2015.10.08"]
[SourceVersion "1"]
[SourceVersionDate "2015.10.08"]
[SourceQuality "1"]

1. d4 d5 2. Nf3 Bg4 3. e3 Nd7 4. c4 e5 5. h3 Bxf3 6. Qxf3 exd4 7. Qxd5 Bb4+ 8. Bd2 Bxd2+ 9. Nxd2 dxe3 10. Qe4+ Qe7 11. Qxe3 Qxe3+ 12. fxe3 Ngf6 13. Bd3 0-0-0 14. 0-0-0 Rhe8 15. Rhe1 c5 16. b3 g6 17. Nf3 Ne5 18. Bc2 Rxd1+ 19. Kxd1 Rd8+ 20. Ke2 Nc6 21. Rd1 Re8 22. Rd6 Nd7 23. Ng5 Nd4+ 24. Kd2 Nxc2 25. Kxc2 Rxe3 26. Nxf7 Re7 27. Ng5 Kc7 28. Re6 Rxe6 29. Nxe6+ Kd6 30. Ng5 Nf6 31. Kd3 Ke5 32. Ke3 1/2-1/2

[Event "Barcelona Sant Marti op-B 4th"]
[Site "Barcelona"]
[Date "2015.01.15"]
[Round "1"]
[White "Molina Taberner, Jordi"]
[Black "Saez Lopez, Carlos"]
[Result "1/2-1/2"]
[WhiteElo "1700"]
[BlackElo "1886"]
[PlyCount "72"]
[EventDate "2015.01.15"]
[EventType "swiss"]
[EventRounds "9"]
[EventCountry "ESP"]
[SourceTitle "EXT 2016"]
[Source "ChessBase"]
[SourceDate "2015.10.08"]
[SourceVersion "1"]
[SourceVersionDate "2015.10.08"]
[SourceQuality "1"]

1. d4 e6 2. c4 Nf6 3. Bg5 d5 4. a3 Be7 5. Nc3 0-0 6. e3 b6 7. b4 dxc4 8. Bxc4 Bb7 9. Nf3 Nbd7 10. 0-0 h6 11. Bxf6 Nxf6 12. Ne5 Bd6 13. f4 c5 14. bxc5 bxc5 15. Rb1 Qe7 16. Nb5 Bxe5 17. fxe5 Ne4 18. Bd3 cxd4 19. exd4 Rfd8 20. Bxe4 Bxe4 21. Rb2 Rab8 22. Qe2 a6 23. Nd6 Rxb2 24. Qxb2 Bg6 25. Qb6 Ra8 26. Rc1 Qa7 27. Qxa7 Rxa7 28. Rc8+ Kh7 29. Kf2 Bh5 30. h3 g5 31. g4 Bg6 32. Ne8 f5 33. Nf6+ Kg7 34. Rg8+ Kf7 35. Rh8 Kg7 36. Rg8+ Kf7 1/2-1/2

[Event "Barcelona Primavera La Lira op 6th"]
[Site "Barcelona"]
[Date "2013.05.30"]
[Round "8"]
[White "Saez Lopez, Carlos"]
[Black "Andres Terrado, Miguel Angel"]
[Result "1/2-1/2"]
[WhiteElo "1716"]
[BlackElo "2043"]
[PlyCount "35"]
[EventDate "2013.04.11"]
[EventType "swiss"]
[EventRounds "9"]
[EventCountry "ESP"]
[SourceTitle "CBM 154 Extra"]
[Source "ChessBase"]
[SourceDate "2013.06.25"]
[SourceVersion "2"]
[SourceVersionDate "2013.06.25"]
[SourceQuality "1"]

1. d4 d5 2. Nf3 Nf6 3. e3 Bf5 4. c4 e6 5. Qb3 Qc8 6. Bd2 a5 7. Nc3 Bb4 8. cxd5 Bxc3 9. Bxc3 exd5 10. Bb5+ c6 11. Be2 0-0 12. 0-0 Nbd7 13. Rac1 Re8 14. Bd2 Ne4 15. Bd3 Ndf6 16. Qc2 Bh3 17. Ne1 Bf5 18. Nf3 1/2-1/2

[Event "Barcelona Primavera La Lira op 6th"]
[Site "Barcelona"]
[Date "2013.04.18"]
[Round "2"]
[White "Saez Lopez, Carlos"]
[Black "Masferrer Niubo, Enric"]
[Result "0-1"]
[WhiteElo "1716"]
[BlackElo "1966"]
[PlyCount "76"]
[EventDate "2013.04.11"]
[EventType "swiss"]
[EventRounds "9"]
[EventCountry "ESP"]
[SourceTitle "CBM 154 Extra"]
[Source "ChessBase"]
[SourceDate "2013.06.25"]
[SourceVersion "2"]
[SourceVersionDate "2013.06.25"]
[SourceQuality "1"]

1. d4 Nf6 2. Nc3 g6 3. Bg5 Bg7 4. e3 c5 5. Nf3 0-0 6. Bd3 Qa5 7. Qd2 cxd4 8. exd4 Nc6 9. Bh6 Nb4 10. Bxg7 Nxd3+ 11. Qxd3 Kxg7 12. 0-0 b6 13. Rfe1 e6 14. Qb5 Qxb5 15. Nxb5 Ne8 16. Rad1 d6 17. Ng5 a6 18. Nc3 b5 19. a3 h6 20. Nge4 f5 21. Nd2 Bd7 22. f4 Nf6 23. Re2 g5 24. fxg5 hxg5 25. g3 Rae8 26. Rde1 Kg6 27. Nf3 Bc6 28. Nd2 Kf7 29. h3 Rh8 30. Rh2 Rh6 31. Nd1 f4 32. gxf4 gxf4 33. Nf2 Rg8+ 34. Kf1 Rhg6 35. Ke2 Rg2 36. Rxg2 Rxg2 37. Rf1 Nh5 38. Ke1 Ng3 0-1

[Event "Barcelona Primavera La Lira op 5th"]
[Site "Barcelona"]
[Date "2012.06.07"]
[Round "8"]
[White "Masferrer Andreu, Josep Miquel"]
[Black "Saez Lopez, Carlos"]
[Result "1/2-1/2"]
[WhiteElo "1619"]
[BlackElo "1754"]
[PlyCount "60"]
[EventDate "2012.04.19"]
[EventType "swiss"]
[EventRounds "9"]
[EventCountry "ESP"]
[SourceTitle "CBM 148 Extra"]
[Source "ChessBase"]
[SourceDate "2012.06.22"]
[SourceVersion "1"]
[SourceVersionDate "2012.06.22"]
[SourceQuality "1"]

1. d4 e6 2. e4 d5 3. Nc3 Nf6 4. Bg5 Bb4 5. e5 h6 6. Bd2 Bxc3 7. Bxc3 Ne4 8. Bd3 Nxc3 9. bxc3 c5 10. Nf3 Qa5 11. Qd2 Nc6 12. dxc5 Qxc5 13. 0-0 0-0 14. Rfe1 a6 15. Nd4 Bd7 16. Kh1 Rac8 17. Re3 Rfe8 18. Nxc6 Rxc6 19. Be2 Qe7 20. Rb1 Rc7 21. Rg3 Kh8 22. Rb4 f5 23. Rh3 Qf8 24. Rbh4 Kh7 25. Rg3 Re7 26. Bh5 Be8 27. Bxe8 Rxe8 28. Rb4 Rec8 29. Rb3 Qe7 30. f4 Rc4 1/2-1/2

[Event "Barcelona Primavera La Lira op 5th"]
[Site "Barcelona"]
[Date "2012.05.24"]
[Round "6"]
[White "Vicient Calvo, Ramon"]
[Black "Saez Lopez, Carlos"]
[Result "1-0"]
[WhiteElo "1870"]
[BlackElo "1754"]
[PlyCount "49"]
[EventDate "2012.04.19"]
[EventType "swiss"]
[EventRounds "9"]
[EventCountry "ESP"]
[SourceTitle "CBM 148 Extra"]
[Source "ChessBase"]
[SourceDate "2012.06.22"]
[SourceVersion "1"]
[SourceVersionDate "2012.06.22"]
[SourceQuality "1"]

1. d4 e6 2. c4 Nf6 3. Nc3 Bb4 4. Bf4 d5 5. e3 c5 6. Nf3 Ne4 7. Qb3 Nc6 8. cxd5 exd5 9. dxc5 Qa5 10. Rc1 Be6 11. Nd4 Bxc3+ 12. bxc3 Nxc5 13. Qb2 Qd8 14. Qb5 Qb6 15. Rb1 Qxb5 16. Rxb5 Ne4 17. Rxb7 Nxc3 18. Nxc6 0-0 19. Bd3 Nxa2 20. 0-0 a5 21. Ra1 Nb4 22. Nxb4 axb4 23. Rxa8 Rxa8 24. Rxb4 Bf5 25. Bxf5 1-0

[Event "Barcelona Primavera La Lira op 5th"]
[Site "Barcelona"]
[Date "2012.04.26"]
[Round "2"]
[White "Saez Lopez, Carlos"]
[Black "Ylla Soro, Rafael"]
[Result "1/2-1/2"]
[WhiteElo "1754"]
[BlackElo "1587"]
[PlyCount "65"]
[EventDate "2012.04.19"]
[EventType "swiss"]
[EventRounds "9"]
[EventCountry "ESP"]
[SourceTitle "CBM 148 Extra"]
[Source "ChessBase"]
[SourceDate "2012.06.22"]
[SourceVersion "1"]
[SourceVersionDate "2012.06.22"]
[SourceQuality "1"]

1. d4 f5 2. Nf3 Nf6 3. e3 e6 4. Bd3 Be7 5. c4 b6 6. Nbd2 Bb7 7. Qe2 0-0 8. 0-0 Nc6 9. a3 Qe8 10. e4 fxe4 11. Nxe4 Nxe4 12. Bxe4 Nd8 13. d5 exd5 14. cxd5 Bf6 15. Qd3 Qh5 16. Rb1 a5 17. Rd1 Nf7 18. Bf4 Ba6 19. Qb3 d6 20. Qc2 Rae8 21. Nd4 Bxd4 22. Rxd4 Re7 23. Bf3 Rfe8 24. Rdd1 Qh4 25. g3 Qh3 26. Bg2 Qg4 27. f3 Qd7 28. Bf1 Bxf1 29. Rxf1 Re2 30. Qd3 Qh3 31. Rf2 Rxf2 32. Kxf2 Qxh2+ 33. Kf1 1/2-1/2

[Event "Barcelona La Lira op-A 14th"]
[Site "Barcelona"]
[Date "2011.07.29"]
[Round "7"]
[White "Saez Lopez, Carlos"]
[Black "Sanchez Guerrero, Cesar"]
[Result "0-1"]
[WhiteElo "1997"]
[BlackElo "1946"]
[PlyCount "218"]
[EventDate "2011.07.23"]
[EventType "swiss"]
[EventRounds "9"]
[EventCountry "ESP"]
[SourceTitle "EXT 2024"]
[Source "ChessBase"]
[SourceDate "2023.10.10"]
[SourceVersion "1"]
[SourceVersionDate "2023.10.10"]
[SourceQuality "1"]

1. d4 Nf6 2. Nf3 g6 3. e3 Bg7 4. Bd3 0-0 5. 0-0 d6 6. Nbd2 Nbd7 7. e4 c5 8. c3 Qc7 9. Re1 e6 10. Qe2 Rd8 11. Nf1 h6 12. h3 a6 13. Bf4 b5 14. Rac1 Bb7 15. b4 c4 16. Bc2 a5 17. a3 axb4 18. axb4 Ra2 19. Qe3 Rda8 20. Bxh6 Bh8 21. Nh4 Nh7 22. f4 e5 23. fxe5 dxe5 24. d5 Qb6 25. Qxb6 Nxb6 26. Ne3 Bf6 27. Nf3 Bc8 28. Ng4 Bxg4 29. hxg4 g5 30. Kh2 Nd7 31. Kg3 Be7 32. Rh1 f6 33. Nd2 Bd8 34. Nf1 Bb6 35. Kf3 Ra1 36. Ng3 Rxc1 37. Rxc1 Kf7 38. Nf5 Ra3 39. Bd1 Bc7 40. Be2 Nb6 41. Bd1 Nc8 42. Ke3 Nd6 43. Bc2 Rxc3+ 44. Kf2 Nxf5 45. gxf5 Ra3 46. Rd1 Bd6 47. Ke2 Ra2 48. Kd2 Bxb4+ 49. Kc1 Ba3+ 50. Kd2 Bd6 51. Rb1 b4 52. Kc1 b3 53. Bxb3 cxb3 54. Rxb3 Ra7 55. Rh3 Ke7 56. Kd1 Kd7 57. Rc3 Ra1+ 58. Ke2 Ra2+ 59. Kf3 Ra7 60. Rc1 Ke7 61. Rc8 Kf7 62. Rh8 Nf8 63. Bxf8 Bxf8 64. Rh7+ Bg7 65. Rh1 Ra3+ 66. Kf2 Ra2+ 67. Kf3 Ra3+ 68. Kf2 Ra7 69. Rd1 Ke7 70. Rh1 Kd6 71. Rc1 Ra2+ 72. Kf3 Ra3+ 73. Kf2 Ra6 74. Rc8 Ra7 75. Rc6+ Kd7 76. Rc1 Bf8 77. Kg3 Ra4 78. Kf3 Bd6 79. Rc6 Ra5 80. Rb6 Rc5 81. Ra6 Rc3+ 82. Ke2 Rc2+ 83. Kf3 Rc1 84. Ra7+ Bc7 85. Ra6 Rf1+ 86. Ke2 Rf4 87. Ke3 Rg4 88. Kf3 Rf4+ 89. Ke3 Bd6 90. Ra7+ Ke8 91. Ra8+ Kd7 92. Ra7+ Kc8 93. Ra8+ Kb7 94. Ra2 Bc5+ 95. Kd3 Rg4 96. Re2 Rg3+ 97. Kc4 Bd4 98. Kb5 Re3 99. Rc2 Rxe4 100. d6 Bb6 101. d7 Rd4 102. d8Q Bxd8 103. Kc5 Bb6+ 104. Kb5 Bd8 105. Kc5 Kc7 106. Kb5+ Kd7 107. Ra2 Kd6 108. Ra6+ Kd5 109. Ra8 Ke4 0-1

[Event "Barcelona La Lira op-A 14th"]
[Site "Barcelona"]
[Date "2011.07.28"]
[Round "6.1"]
[White "De la Fuente Clemente, Constantin"]
[Black "Saez Lopez, Carlos"]
[Result "1-0"]
[WhiteElo "1920"]
[BlackElo "1997"]
[PlyCount "74"]
[EventDate "2011.07.23"]
[EventType "swiss"]
[EventRounds "9"]
[EventCountry "ESP"]
[SourceTitle "EXT 2024"]
[Source "ChessBase"]
[SourceDate "2023.10.10"]
[SourceVersion "1"]
[SourceVersionDate "2023.10.10"]
[SourceQuality "1"]

1. e4 e6 2. d4 d5 3. Nd2 c5 4. c3 Qb6 5. exd5 exd5 6. Ngf3 Nc6 7. Nb3 c4 8. Nbd2 Nf6 9. g3 Bg4 10. Bg2 Bd6 11. Qe2+ Be7 12. Nf1 0-0 13. Ne3 Rfe8 14. 0-0 Bd6 15. h3 Bh5 16. Re1 Re7 17. g4 Bg6 18. g5 Nh5 19. Qf1 Bd3 20. Nxd5 Bxf1 21. Nxb6 Rxe1 22. Nxa8 Bxg2+ 23. Nxe1 Bd5 24. Nc2 Be4 25. Na3 Na5 26. Nb5 Bb8 27. Be3 b6 28. Nac7 Bc6 29. Na6 Bf4 30. Nxa7 Bb7 31. Nb4 Bb8 32. Nb5 g6 33. d5 Bc8 34. Bxb6 Nb7 35. Re1 Kf8 36. d6 Nxd6 37. Bc5 Bxh3 1-0

[Event "Barcelona La Lira op-A 14th"]
[Site "Barcelona"]
[Date "2011.07.23"]
[Round "1"]
[White "Martin Sanchez, Enric"]
[Black "Saez Lopez, Carlos"]
[Result "1/2-1/2"]
[WhiteElo "2047"]
[BlackElo "1997"]
[PlyCount "174"]
[EventDate "2011.07.23"]
[EventType "swiss"]
[EventRounds "9"]
[EventCountry "ESP"]
[SourceTitle "EXT 2024"]
[Source "ChessBase"]
[SourceDate "2023.10.10"]
[SourceVersion "1"]
[SourceVersionDate "2023.10.10"]
[SourceQuality "1"]

1. e4 e6 2. d4 d5 3. e5 c5 4. c3 Qb6 5. Nf3 Nc6 6. a3 cxd4 7. cxd4 Nge7 8. Nc3 Nf5 9. Bb5 Bd7 10. Bxc6 Bxc6 11. 0-0 Be7 12. g4 Nh4 13. Nxh4 Bxh4 14. b4 Be7 15. b5 Bd7 16. a4 Qa5 17. Bd2 Bb4 18. Nb1 Rc8 19. Bxb4 Qxb4 20. Qd2 Qxd2 21. Nxd2 Rc2 22. Nb3 Ke7 23. Rfc1 Rhc8 24. Nc5 Rxc1+ 25. Rxc1 b6 26. Nd3 Rxc1+ 27. Nxc1 f6 28. f4 fxe5 29. fxe5 Be8 30. Nd3 Bg6 31. Nb4 Kd7 32. Kf2 Be4 33. h4 h6 34. g5 hxg5 35. hxg5 Kc7 36. Ke3 Kb7 37. Kd2 Bf5 38. Kc3 Kc7 39. Na2 Kb7 40. Kb4 Bd3 41. Nc3 Bf5 42. a5 Bd3 43. a6+ Kc7 44. Nd1 Bg6 45. Ne3 Bd3 46. Ng2 Bf5 47. Nf4 Kd7 48. Kc3 Ke7 49. Kd2 Kf7 50. Ne2 Ke7 51. Nc3 Kd7 52. Ke3 Kc7 53. Kf4 Bd3 54. Kg4 g6 55. Kf4 Bf5 56. Ke3 Bh3 57. Kd2 Bf1 58. Kc1 Bd3 59. Kb2 Kb8 60. Kb3 Bc4+ 61. Kb4 Kc7 62. Nd1 Bd3 63. Ne3 Be4 64. Ng4 Bf5 65. Nh6 Be4 66. Nf7 Bf5 67. Nd6 Bd3 68. Kc3 Bb1 69. Kd2 Kd7 70. Ke3 Bc2 71. Kf4 Bd3 72. Ke3 Bc2 73. Nf7 Bf5 74. Nh6 Bc2 75. Kd2 Be4 76. Ng4 Bf5 77. Ne3 Be4 78. Nd1 Kc7 79. Nc3 Bf5 80. Ke3 Bh3 81. Ne2 Bf5 82. Nf4 Kd7 83. Ne2 Bc2 84. Kd2 Bf5 85. Nc3 Kc7 86. Na2 Bh3 87. Nb4 Bf1 1/2-1/2